000
00314nam a22001337a 4500
008
181107b xxu||||| |||| 00| 0 eng d
020
_a
0618232788
041
_a
eng
080
_2
10th
_a
371
100
_a
46
101
_a
EDU
245
_a
Course Manual for becoming a master student
_c
Ellis, D
942
_2
udc
_c
BK
999
_c
52180
_d
52180